Indirect Taxes Law and Practice/ (Record no. 164632)

MARC details
000 -LEADER
fixed length control field 00783nam a22002297a 4500
008 - FIXED-LENGTH DATA ELEMENTS--GENERAL INFORMATION
fixed length control field 090718t xxu||||| |||| 00| 0 eng d
010 ## - LCCN (DPL NO)
LC control number A-841096
020 ## - INTERNATIONAL STANDARD BOOK NUMBER
International Standard Book Number 8171941389
Terms of availability 225.00
035 ## - SYSTEM CONTROL NUMBER
System control number A-841096
037 ## - SOURCE OF ACQUISITION
Stock number UBH
Source of stock number/acquisition RP/CL/E.5/ENG/8.05.08/25.06.08/28.06.08
040 ## - CATALOGING SOURCE
Original cataloging agency dpl
Language of cataloging eng
050 ## - LIBRARY OF CONGRESS CALL NUMBER
DPL Classification number 343.04
082 ## - DEWEY DECIMAL CLASSIFICATION NUMBER
Classification number 336.294
100 ## - MAIN ENTRY--PERSONAL NAME
Personal name Datey, V. S.
245 ## - TITLE STATEMENT
Title Indirect Taxes Law and Practice/
Remainder of title by V. S. Datey
260 ## - PUBLICATION, DISTRIBUTION, ETC. (IMPRINT)
Place of publication, distribution, etc New Delhi
Name of publisher, distributor, etc Tax Mann Publications
Date of publication, distribution, etc 1996
270 ## - ADDRESS
Address 59/32,New rohtak road,
City New Delhi
Postal code 110005
300 ## - PHYSICAL DESCRIPTION
Extent various pages
Dimensions 23cm(Hbk)
500 ## - GENERAL NOTE
General note It includes index
942 ## - ADDED ENTRY ELEMENTS (KOHA)
Source of classification or shelving scheme Dewey Decimal Classification
Item type English Books
Classification part 343.04
Call number suffix DAT
Holdings
Withdrawn status Lost status Source of classification or shelving scheme Damaged status Not for loan Collection code Home library Current library Date acquired Source of acquisition Cost, normal purchase price Total Checkouts Full call number Barcode Date last seen Copy number Cost, replacement price Koha item type
    Dewey Decimal Classification   Not For Loan Non-fiction Central Library Central Library 23/05/2019 DBAD/PUB 225.00   343.04 DAT A-841096 23/05/2019 1 225.00 English Books

© Delhi Public Library
Hit Counter
free hit counter